[Event "NED-ch U12 op"]
[Site "Borne"]
[Date "2019.08.07"]
[Round "5"]
[White "Coffeng, Jay"]
[Black "Feng, Elysia"]
[Result "1/2-1/2"]
[WhiteElo "1185"]
[BlackElo "1314"]
[PlyCount "156"]
[EventDate "2019.08.05"]
[EventType "swiss"]
[EventRounds "13"]
[EventCountry "NED"]
[SourceTitle "EXT 2020"]
[Source "ChessBase"]
[SourceDate "2019.10.17"]
[SourceVersion "1"]
[SourceVersionDate "2019.10.17"]
[SourceQuality "1"]

1. e4 e5 2. Nc3 Nc6 3. f4 d6 4. Nf3 f5 5. d3 Be7 6. Be2 Nf6 7. Be3 Bd7 8. Ng5 exf4 9. Bxf4 Ng4 10. Nf3 Nge5 11. d4 Nxf3+ 12. Bxf3 Bf6 13. Be3 Qe7 14. Nd5 Qd8 15. Nxf6+ Qxf6 16. 0-0 0-0 17. c3 Qe7 18. Re1 fxe4 19. Bf2 d5 20. Qb3 Be6 21. Qxb7 Qd7 22. Bd1 Rab8 23. Qa6 Rxb2 24. Re2 Rb6 25. Qa3 Qf7 26. Bc2 Bg4 27. Rd2 Qf4 28. Qc1 e3 29. Bxe3 Qxe3+ 30. Kh1 Qf4 31. Qe1 Rbb8 32. Rdd1 Bxd1 33. Rxd1 Rbe8 34. Qg1 Re2 35. Bb3 Ne7 36. h3 Rf2 37. c4 Rf1 38. Rxf1 Qxf1 39. Qxf1 Rxf1+ 40. Kh2 dxc4 41. Bxc4+ Kf8 42. Bxf1 Nc6 43. d5 Nb4 44. Bc4 Ke7 45. a3 Nc2 46. a4 a5 47. Kg3 Ne3 48. Ba2 Kd6 49. Bb1 h6 50. Kf3 Nxd5 51. Bc2 Nb4 52. Bg6 c5 53. Bf7 Ke5 54. Ke3 Kf6 55. Bb3 Ke5 56. Bf7 Kf5 57. Kf3 Nd3 58. Bg8 Ke5 59. Ke3 Nb2 60. Bb3 c4 61. Bc2 Kd5 62. g3 Kc5 63. Ke4 c3 64. Kf5 Kd4 65. Kg6 Ke3 66. Kxg7 Kd2 67. Bb3 c2 68. Bxc2 Kxc2 69. Kxh6 Nxa4 70. g4 Nc3 71. g5 a4 72. g6 a3 73. g7 a2 74. g8Q a1Q 75. Qg2+ Kb3 76. Qb7+ Kc4 77. Qc6+ Kb4 78. Qd6+ Kb3 1/2-1/2